| 000 | 006060000a22001810004500 | ||
|---|---|---|---|
| 041 | 0 | _aSPA | |
| 082 | 0 | 4 | _aG 238.07 C3579c |
| 245 | 1 | 0 | _aEl camino de la libertad : Catecismo Bíblico / José Grau, Editor ; Rosalía Labal, Traductor |
| 260 | _aTerrassa, Barcelona : Ediciones Evangélicas Europeas | ||
| 300 | _a76 Pag | ||
| 500 | _aTítulo original : Le chemin de la liberte | ||
| 650 | 1 | 4 | _aBIBLIA - ENSEÑANZA \ EDUCACION RELIGIOSA - LIBROS DE TEXTO |
| 001 | 4744 | ||
| 942 | _cBK | ||
| 999 |
_c35303 _d35303 |
||
| 336 |
_atexto _btxt _2rdacontent |
||
| 337 |
_2rdamedia _asin mediación _bn |
||
| 338 |
_2rdacarrier _avolumen _bnc |
||